25 de mayo : la tragedia olvidada /
Guardat en:
| Autor principal: | |
|---|---|
| Format: | Electrònic eBook |
| Idioma: | espanyol |
| Publicat: |
San Vicente (Alicante) :
Editorial Club Universitario,
[2019]
|
| Edició: | 3a. edición. |
| Col·lecció: | ECU narrativa.
|
| Matèries: | |
| Accés en línia: | Digitalia Hispánica |
| Etiquetes: |
Afegir etiqueta
Sense etiquetes, Sigues el primer a etiquetar aquest registre!
|
MARC
| LEADER | 00000nam a2200000Ii 4500 | ||
|---|---|---|---|
| 001 | DIGECU0985 | ||
| 003 | NyNyDIG | ||
| 006 | m o d | ||
| 007 | cr ||||||||||| | ||
| 008 | 260105s2019 sp o 000 0 spa d | ||
| 035 | |a (OCoLC)1568979187 | ||
| 040 | |a DGITA |b eng |e rda |e pn |c DGITA | ||
| 020 | |z 9788417577858 | ||
| 043 | |a e-sp--- | ||
| 050 | 1 | 4 | |a HV6433.S7 ebook |
| 100 | 1 | |a Pérez Oca, Miguel Ángel, |d 1943- |e author. | |
| 245 | 1 | 0 | |a 25 de mayo : |b la tragedia olvidada / |c Miguel Ángel Pérez Oca. |
| 246 | 3 | |a Veinticinco de mayo | |
| 250 | |a 3a. edición. | ||
| 264 | 1 | |a San Vicente (Alicante) : |b Editorial Club Universitario, |c [2019] | |
| 300 | |a 1 online resource. | ||
| 336 | |a text |b txt |2 rdacontent | ||
| 337 | |a computer |b c |2 rdamedia | ||
| 338 | |a online resource |b cr |2 rdacarrier | ||
| 347 | |a text file |2 rdaft | ||
| 347 | |b PDF | ||
| 490 | 1 | |a ECU narrativa | |
| 588 | 0 | |a Online resource; title from PDF title page (Digitalia, viewed January 5, 2026) | |
| 650 | 0 | |a Bombings |z Spain |z Alicante |y 20th century. | |
| 650 | 0 | |a Terrorism |z Spain |z Alicante |y 20th century. | |
| 651 | 0 | |a Alicante (Spain) |x History |y 20th century. | |
| 791 | 2 | |a Digitalia (Firm), |e distributor. | |
| 793 | 0 | |g Digitalia eBook Collection: |a Editorial Club Universitario (ECU) | |
| 776 | 0 | 8 | |i Print version: |a Pérez Oca, Miguel Ángel, 1943- |t 25 de mayo. |b 3a. edición. |d San Vicente (Alicante) : Editorial Club Universitario, [2019] |z 9788417577858 |
| 830 | 0 | |a ECU narrativa. | |
| 856 | 4 | 0 | |3 Digitalia Hispánica |u https://digitalia.unach.elogim.com/a/164046/ |
| 910 | |a Premium collection: 2026 | ||